Informačné technológie Príloha Hospodárskych novín

Z obsahu prílohy: Nový operačný systém pre personálne počítače WINDOWS 95. Počítačová gramotnosť. Prístup do Internetu. AMBI - vzdelávanie v informatike. Ako predchádzať softwarovému pirátstvu. Zásady správneho používania softwaru. Na začiatku bol MARK. Carbon Copy. KAPSCH - špecialista na sieťovú t...

Descrizione completa

Salvato in:
Dettagli Bibliografici
Natura: Capitolo di libro
Lingua:slovacco
Soggetti:
Tags: Aggiungi Tag
Nessun Tag, puoi essere il primo ad aggiungerne!!

MARC

LEADER 00000naa a2200000 4500
001 r019859
005 20221205101836.7
041 0 |a slo 
044 |a SK 
245 1 0 |a Informačné technológie  |b Príloha Hospodárskych novín 
520 |a Z obsahu prílohy: Nový operačný systém pre personálne počítače WINDOWS 95. Počítačová gramotnosť. Prístup do Internetu. AMBI - vzdelávanie v informatike. Ako predchádzať softwarovému pirátstvu. Zásady správneho používania softwaru. Na začiatku bol MARK. Carbon Copy. KAPSCH - špecialista na sieťovú technológiu. Elektronická pošta - krok do budúcnosti. Informačné systémy pre 21. storočie. 
610 2 0 |a technológie informačné 
610 2 0 |a počítače osobné 
610 2 0 |a gramotnosť digitálna 
610 2 0 |a softvér 
610 2 0 |a informatika 
610 2 0 |a pošta elektronická 
610 2 0 |a systémy informačné 
610 2 0 |a internet